| 000 | 00559nam a22001817a 4500 | ||
|---|---|---|---|
| 005 | 20251108172855.0 | ||
| 008 | 250721s2003 xx 000 0 ara d | ||
| 082 | 1 | 4 | _a296/ بدر |
| 100 | 1 | _aالبدري، جمال | |
| 245 | 1 | 0 | _aالسيف الأحمر : دراسة في الأصولية اليهودية المعاصرة / |
| 264 | 1 |
_aدمشق : _bالأوائل للنشر، _c2003. |
|
| 300 | _a288ص | ||
| 650 | 1 | 7 | _aاليهودية |
| 650 | 1 | 7 | _aتاريخ إسرائيل |
| 650 | 1 | 7 | _aالصهيونية |
| 942 |
_2ddc _cBK |
||
| 999 |
_c90607 _d90607 |
||